000 00350 a2200145 4500
005 20250619144610.0
020 _a9789966289827
082 _a330 SAL
100 _aSALEEMI, N.A.
245 _aEconomic Simplified: Revised and updated
250 _a4th ed.
260 _aNairobi
_bSaleemi
_c2015
300 _a572p.ill.table
_c20 cm.
942 _2ddc
_cBKS
999 _c3317
_d3317